Co gdyby, przetłumaczyć polskie miasta na angielski. - Statystyki

Ogólne statystyki
  • Ten quiz został rozwiązany 128 razy
  • Średni wynik to 9 z 12
Statystyki odpowiedzi
Hint Odpowiedź % Poprawnych
Warsaw Warszawa
99%
Green Mountain Zielona Góra
98%
Boat Łodź
96%
Whiteslope Białystok
88%
G'pumpkin Gdynia
82%
Helmet Chełm
77%
Oftenhides Częstochowa
75%
Fishik Rybnik
75%
Horsen Konin
67%
Circlecoast Kołobrzeg
66%
Think Przemyśl
60%
Shedrank Piła
25%
Nie znaleziono quizów pasujących do podanych kryteriów
Rozkład punktacji
Procent ludzi z każdym wynikiem
Percentyl według liczby udzielonych odpowiedzi
Twoja historia wyników
Nie rozwiązałeś tego quizu